Las Fuentes formales del derecho del trabajo en las empresas transnacionales /
sin resumen
Guardado en:
| Autor principal: | |
|---|---|
| Formato: | Desconocido |
| Materias: | |
| Etiquetas: |
Agregar Etiqueta
Sin Etiquetas, Sea el primero en etiquetar este registro!
|
MARC
| LEADER | 00000 a2200000 04500 | ||
|---|---|---|---|
| 001 | 1453 | ||
| 003 | cru CIDCACS/IIS | ||
| 005 | 20210122062542.0 | ||
| 008 | 991231s d | ||
| 999 | |c 12869 |d 12869 | ||
| 040 | |c CRAI/IIS | ||
| 100 | 1 | |a Nadal Vignolo, Stella Maris |9 9741 | |
| 245 | 1 | 4 | |a Las Fuentes formales del derecho del trabajo en las empresas transnacionales / |c Stella Maris Nadal Vignolo |
| 300 | |a páginas 51-81 | ||
| 520 | |a sin resumen | ||
| 650 | |a EMPRESAS TRANSNACIONALES | ||
| 650 | |a DERECHO DEL TRABAJO | ||
| 650 | |a DESARROLLO ECONOMICO | ||
| 942 | |2 ddc |c LI | ||
| 773 | 0 | |0 43516 |9 5064 |a Nadal Vignolo, Stella Maris |d Madrid: Ediciones Cultura Hispánica, 1983 |o 13410 |t La empresa transnacional en el marco laboral/ | |
